Η ανάπτυξη του τουρισμού στη Ρόδο : κοινωνικές και περιβαλλοντικές διαστάσεις ; διπλωματική εργασία [μεταπτυχιακή]
Αποθηκεύτηκε σε:
| Κύριος συγγραφέας: | |
|---|---|
| Άλλοι συγγραφείς: | , , |
| Μορφή: | Thesis Βιβλίο |
| Γλώσσα: | Greek |
| Δημοσίευση: |
2007.
|
| Θέματα: | |
| Διαθέσιμο Online: | http://hdl.handle.net/11610/15900 |
| Ετικέτες: |
Προσθήκη ετικέτας
Δεν υπάρχουν, Καταχωρήστε ετικέτα πρώτοι!
|
MARC
| LEADER | 00000cam a2200000 i 4500 | ||
|---|---|---|---|
| 001 | 1/77597 | ||
| 008 | 080317s2007 gre d | ||
| 035 | |l 10095502 | ||
| 040 | |a GR-MY-UA |b gre |e aacr | ||
| 041 | 0 | |a gre | |
| 082 | 7 | |a 338.47910949587 |2 (22) | |
| 100 | 1 | |a Παπαστεργίου, Κωνσταντινιά. | |
| 245 | 1 | 2 | |a Η ανάπτυξη του τουρισμού στη Ρόδο : |b κοινωνικές και περιβαλλοντικές διαστάσεις ; διπλωματική εργασία [μεταπτυχιακή] / |c Παπαστεργίου Κωνσταντινιά ; Ιωσηφίδης Θεόδωρος (επιβλέπων) ; Φώκιαλη Περσεφόνη, Αναστασάτος Νικόλαος. |
| 260 | |c 2007. | ||
| 300 | |a 191 σ. ; |c 30 εκ. | ||
| 500 | |a Περιορισμένη πρόσβαση. | ||
| 502 | |a Διατριβή (μεταπτυχιακή) – Πανεπιστήμιο Αιγαίου, Ρόδος, 2007. | ||
| 504 | |a Περιλαμβάνει βιβλιογραφίες. | ||
| 610 | 2 | 0 | |a University of the Aegean |x Dissertations. |
| 650 | 0 | 0 | |a Tourism |x Economic aspects |z Greece |z Rhodes (Island) |
| 650 | 0 | 0 | |a Tourism |x Environmental aspects |z Greece |z Rhodes (Island) |
| 650 | 0 | 0 | |a Tourism |x Social aspects. |
| 650 | 0 | 0 | |a Dissertations, Academic |z Greece. |
| 700 | 1 | |a Ιωσηφίδης, Θεόδωρος. |4 ths | |
| 700 | 1 | |a Αναστασάτος, Νικόλαος Θ. |4 ths | |
| 700 | 1 | |a Φώκιαλη, Περσεφόνη. |4 ths | |
| 852 | |a INST |b RHODES |c DIATR |e 20080317 |h 338.47910949587 ΠΑΠ |p 005400029819 |q 005400029819 |t MTXE |y 23 | ||
| 852 | |a INST |b RHODES |c DIATR |e 20080317 |h 338.47910949587 ΠΑΠ |p 005400029820 |q 005400029820 |t MTXE |y 23 | ||
| 856 | |u http://hdl.handle.net/11610/15900 | ||
| 901 | |a BIBL4-2008-1 | ||
| 909 | |a Ρ |b 128512 | ||
| 909 | |a Ρ |b 128513 | ||
| 924 | |a ΠΑΠΑΣΤΕΡΓΙΟΥ |b ΚΩΝΣΤΑΝΤΙΝΙΑ |y Ρόδος |z 2008-03 | ||
| 970 | |a ΜΙΣΣΟΣ |b ΣΤΑΥΡΟΣ |z 2008/03/17 | ||